La Liga players 2016/17 - Statistics

General Stats
  • This quiz has been taken 6 times
  • The average score is 265 of 541
Answer Stats
Rank Player Positions Nationality Matches Goals Assists Clubs % Correct
108 Aarón Martín DF, MF 30 0 0
100%
347 Adrián López MF, FW 15 2 1
100%
334 Alberto Martín MF 16 0 0
100%
359 Álex Martínez DF, MF 14 0 0
100%
519 Álvaro Fernández GK 1 0 0
100%
350 Andrés Fernández GK 15 0 0
100%
12 Antoine Griezmann MF, FW 36 16 7
100%
483 Augusto Fernández MF 3 0 0
100%
485 Carlos Fernández MF, FW 3 1 0
100%
405 Carlos Martínez DF 10 0 2
100%
128 Cristiano Ronaldo MF, FW 29 25 6
100%
15 David López DF, MF 36 3 2
100%
172 Denis Suárez MF, FW 26 1 3
100%
28 Diego López GK 35 0 0
100%
297 Gareth Bale MF, FW 19 7 2
100%
200 Gerard Piqué DF 25 2 0
100%
1 Gerónimo Rulli GK 38 0 0
100%
2 Guillermo Ochoa GK 38 0 0
100%
327 Héctor Hernández DF 17 0 2
100%
409 Hernán DF, MF 10 0 0
100%
130 Ibai Gómez MF, FW 29 5 2
100%
49 Iñigo Martínez DF 34 3 2
100%
158 Isma López DF, FW 27 0 3
100%
73 Ivan Rakitić MF 32 8 6
100%
259 James Rodríguez MF, FW 22 8 6
100%
299 Javi López DF, MF 19 0 1
100%
287 Jonas Martin DF, MF 20 2 0
100%
453 José Rodríguez DF, MF 6 0 0
100%
474 Juan Rodríguez DF 4 0 0
100%
131 Karim Benzema FW 29 11 5
100%
160 Keylor Navas GK 27 0 0
100%
493 Leonardo Suárez MF, FW 3 0 0
100%
52 Lionel Messi MF, FW 34 37 9
100%
354 Lucas Hernández DF 15 0 0
100%
301 Luis Hernández DF 19 1 1
100%
33 Luis Suárez FW 35 28 12
100%
209 Luka Modrić MF 25 1 2
100%
443 Mario Fernández GK 7 0 0
100%
280 Mario Suárez MF 21 3 0
100%
180 Moi Gómez MF, FW 26 2 5
100%
511 Pablo Fernández MF 2 0 0
100%
182 Pablo Hernández MF, FW 26 1 0
100%
79 Raúl Navas DF 32 1 1
100%
247 Rodri MF 23 0 1
100%
515 Rubén Sánchez MF 2 0 0
100%
216 Sergi Gómez DF 25 0 0
100%
85 Theo Hernández DF 32 1 3
100%
136 Toni Kroos MF 29 3 11
100%
250 Unai López MF 23 2 0
100%
137 Vicente Gómez MF 29 2 0
100%
217 Víctor Rodríguez MF, FW 25 2 1
100%
186 Víctor Sánchez DF, MF 26 1 1
100%
380 Aderlan Santos DF 12 0 0
83%
138 Adrián González MF, FW 28 7 1
83%
358 Adrián Ramos FW 14 4 1
83%
445 Aleix Vidal DF, MF, FW 6 2 2
83%
189 Álvaro González DF 25 1 1
83%
404 Álvaro Vázquez FW 10 0 1
83%
109 André Gomes MF 30 3 1
83%
228 Andrés Iniesta MF 23 0 3
83%
337 Bruno González DF 16 1 0
83%
193 Casemiro MF 25 4 0
83%
271 Christian Santos MF, FW 21 3 1
83%
14 Daniel Parejo MF 36 5 8
83%
272 Daniel Torres MF 21 0 0
83%
68 Daniel Wass DF, MF 32 3 4
83%
13 Dani García MF 36 1 1
83%
522 Dani Giménez GK 1 0 0
83%
195 David García DF, MF 25 1 0
83%
255 David García DF 22 1 1
83%
89 Diego Godín DF 31 3 1
83%
488 Diego González DF 3 0 0
83%
197 Diego Rico DF 25 1 0
83%
91 Fernando Torres FW 31 8 5
83%
45 Filipe Luís DF 34 3 6
83%
112 Franco Vázquez MF, FW 30 7 4
83%
326 Fran Rico MF 17 2 1
83%
309 Giuseppe Rossi FW 18 4 1
83%
72 Iago Aspas MF, FW 32 19 3
83%
429 Imanol García MF 8 0 0
83%
3 Iñaki Williams MF, FW 38 5 6
83%
115 Isco MF, FW 30 10 9
83%
18 Iván Cuéllar GK 36 0 0
83%
116 Jan Oblak GK 30 0 0
83%
206 Javier Mascherano DF, MF 25 1 3
83%
50 Jonathan dos Santos MF 34 2 3
83%
176 Jordi Alba DF, MF 26 1 6
83%
328 José María Giménez DF 17 0 0
83%
19 Koke MF 36 4 8
83%
58 Lucas Vázquez DF, MF, FW 33 2 7
83%
210 Manu García MF 25 3 1
83%
20 Marc-André ter Stegen GK 36 0 0
83%
239 Marco Asensio MF, FW 23 3 2
83%
99 Mariano DF, MF 31 0 2
83%
431 Mariano MF, FW 8 1 1
83%
506 Mario González FW 2 0 0
83%
303 Mateo García MF, FW 19 2 0
83%
161 Mateo Kovačić MF 27 1 3
83%
394 Mauro dos Santos DF 11 0 0
83%
363 Michael Santos MF, FW 14 3 0
83%
421 Miguel Ángel Moyá GK 9 0 0
83%
264 Miguel Torres DF 22 0 0
83%
422 Mikel González DF 9 0 0
83%
311 Mikel Rico MF 18 1 0
83%
119 Neymar MF, FW 30 13 10
83%
356 Omar Ramos MF, FW 15 0 2
83%
23 Raúl García MF, FW 36 10 4
83%
315 Raúl García DF, MF 18 0 0
83%
476 Roberto GK 4 0 0
83%
81 Roberto Torres MF, FW 32 7 3
83%
304 Rodrigo MF, FW 19 5 3
83%
215 Samuel Umtiti DF 25 1 0
83%
400 Samu García MF, FW 11 0 1
83%
24 Sergio Álvarez DF, MF 36 2 1
83%
183 Sergio Álvarez GK 26 0 1
83%
63 Sergio Busquets MF 33 0 3
83%
147 Sergio Ramos DF 28 7 0
83%
37 Sergio Rico GK 35 0 0
83%
82 Sergi Roberto DF, MF 32 0 5
83%
83 Stefan Savić DF, MF 32 1 1
83%
148 Takashi Inui MF, FW 28 3 2
83%
346 Thomas Partey DF, MF 16 1 2
83%
268 Unai García DF 22 0 0
83%
477 Víctor Álvarez DF, MF 4 0 0
83%
333 Xavi Torres DF, MF 17 0 0
83%
39 Yannick Carrasco DF, MF, FW 35 10 4
83%
187 Yeray Álvarez DF 26 0 0
83%
269 Adil Rami DF 21 0 0
67%
167 Aïssa Mandi DF 26 2 1
67%
417 Akram Afif MF, FW 9 0 0
67%
458 Álvaro Lemos DF, MF 5 1 0
67%
25 Andreas Pereira MF, FW 35 5 3
67%
7 Antonio Adán GK 37 0 0
67%
308 Arda Turan MF, FW 18 3 3
67%
336 Asier Riesgo GK 16 0 0
67%
498 Benito Ramírez DF, MF, FW 2 0 0
67%
42 Bruno Soriano MF 34 5 2
67%
191 Carlos Castro FW 25 4 1
67%
26 Carlos Kameni GK 35 0 0
67%
27 Carlos Vela MF, FW 35 9 2
67%
171 Cédric Bakambu FW 26 11 1
67%
43 Celso Borges MF, FW 34 6 0
67%
127 Chory Castro MF, FW 29 1 3
67%
369 Claudio Beauvue MF, FW 13 1 2
67%
232 Dani Carvajal DF 23 0 4
67%
151 Dani Castellano DF, MF 27 0 1
67%
325 Danilo DF, MF 17 1 2
67%
194 Darko Brašanac MF, FW 25 1 1
67%
338 David Simón DF 16 0 1
67%
524 David Soria GK 1 0 0
67%
56 Diego Alves GK 33 0 0
67%
196 Diego Llorente DF 25 2 0
67%
339 Dimitris Siovas DF 16 1 0
67%
90 Duje Čop FW 31 9 3
67%
154 Enzo Pérez MF 27 0 1
67%
233 Fabián Orellana MF, FW 23 3 3
67%
70 Facundo Roncaglia DF 32 2 0
67%
157 Fernando Amorebieta DF 27 0 1
67%
16 Fernando Pacheco GK 36 0 0
67%
8 Florin Andone FW 37 12 2
67%
47 Gabi MF 34 0 0
67%
48 Gabriel MF 34 5 2
67%
383 Gabriel Silva DF, MF 12 0 0
67%
257 Gastón Silva DF 22 0 0
67%
9 Gerard Moreno MF, FW 37 13 4
67%
201 Germán Lux GK 25 0 0
67%
17 Germán Pezzella DF 36 1 0
67%
341 Gorka Iraizoz GK 16 0 0
67%
202 Gustavo Cabral DF 25 2 1
67%
71 Hernán Pérez MF, FW 32 3 1
67%
276 Iago Herrerín GK 21 0 0
67%
30 Iker Muniain MF, FW 35 7 1
67%
258 Iván Ramis DF 22 3 0
67%
92 Jaume Costa DF 31 1 3
67%
459 Javi Castellano DF, MF 5 0 0
67%
205 Javi Varas GK 25 0 0
67%
260 Jean-Sylvain Babin DF 22 1 1
67%
370 Jérémy Mathieu DF 13 1 0
67%
31 João Cancelo DF, MF 35 1 4
67%
236 John Guidetti MF, FW 23 4 1
67%
371 Jon Ander Serantes GK 13 0 0
67%
117 Jonny Castro DF, MF 30 0 3
67%
142 Kenan Kodro DF, MF, FW 28 7 1
67%
97 Kévin Gameiro FW 31 12 5
67%
393 Kiko Casilla GK 11 0 0
67%
534 Lucas Pérez MF, FW 1 1 1
67%
10 Manu Trigueros MF, FW 37 5 1
67%
118 Marcelo DF, MF 30 2 10
67%
178 Marcelo Díaz MF 26 1 2
67%
74 Marcos Llorente DF, MF, FW 32 0 2
67%
302 Marlos Moreno DF, MF, FW 19 0 0
67%
241 Mauricio Lemos DF, MF 23 5 0
67%
101 Miguel Ángel Guerrero MF, FW 31 5 1
67%
4 Mikel Oyarzabal MF, FW 38 2 7
67%
242 Mikel Vesga MF 23 1 1
67%
53 Munir El Haddadi MF, FW 34 6 3
67%
145 Nacho DF 28 2 3
67%
373 Nauzet Pérez GK 13 0 0
67%
163 Óscar de Marcos DF, FW 27 1 4
67%
76 Pablo Fornals MF, FW 32 6 2
67%
312 Papakouli Diop MF 18 0 0
67%
344 Pape Cheikh Diop MF 16 1 0
67%
375 Pepe DF, MF 13 2 1
67%
121 Pione Sisto MF, FW 30 3 3
67%
376 Przemysław Tytoń GK 13 0 0
67%
164 Raúl Albentosa DF 27 1 1
67%
60 Roberto Soriano MF, FW 33 9 5
67%
35 Roque Mesa MF 35 1 2
67%
397 Rubén Blanco GK 11 0 0
67%
36 Rubén Castro MF, FW 35 13 3
67%
122 Rubén Pérez MF 30 0 1
67%
306 Rúben Vezo DF 19 0 1
67%
290 Salvatore Sirigu GK 20 0 0
67%
123 Sandro Ramírez MF, FW 30 14 4
67%
5 Sergi Enrich MF, FW 38 11 7
67%
226 Sergio Asenjo GK 24 0 0
67%
103 Sergio Canales MF, FW 31 0 4
67%
366 Šime Vrsaljko DF, MF 14 0 0
67%
284 Stevan Jovetić MF, FW 21 6 4
67%
38 Steven Nzonzi MF 35 2 3
67%
105 Vicente Iborra MF 31 7 2
67%
251 Víctor Díaz DF 23 1 1
67%
125 Vitolo MF, FW 30 6 5
67%
6 Xabi Prieto MF 38 8 6
67%
317 Zakaria Bakkali MF, FW 18 1 0
67%
367 Adrián Marín DF, MF 13 0 0
50%
307 Alen Halilović MF, FW 18 0 2
50%
318 Alin Toșca DF 17 0 0
50%
168 Álvaro Morata FW 26 15 6
50%
87 Ángel Correa MF, FW 31 4 8
50%
169 Antonio Luna DF, FW 26 1 5
50%
467 Antonio Rukavina DF 4 0 0
50%
253 Antonio Sanabria MF, FW 22 4 1
50%
65 Aritz Aduriz FW 32 16 1
50%
418 Aritz Elustondo DF 9 0 0
50%
170 Artem Kravets FW 26 5 2
50%
368 Aymen Abdennour DF 13 0 0
50%
55 Aymeric Laporte DF 33 2 0
50%
286 Bebé MF, FW 20 3 2
50%
322 Borja Viguera FW 17 2 1
50%
270 Charles FW 21 3 1
50%
521 Claudio Bravo GK 1 0 0
50%
110 Dani Ceballos MF, FW 30 2 2
50%
450 Daniele Bonera DF 6 0 0
50%
152 Darwin Machís MF, FW 27 1 3
50%
88 David Zurutuza MF 31 3 1
50%
392 Denis Cheryshev MF, FW 11 0 0
50%
69 Deyverson FW 32 7 1
50%
499 Diego Mariño GK 2 0 0
50%
44 Diego Reyes DF, MF 34 1 0
50%
256 Dimitri Foulquier DF, MF 22 0 2
50%
274 Douglas DF 21 3 0
50%
57 Emre Çolak MF 33 3 6
50%
155 Ezequiel Garay DF 27 4 0
50%
468 Fabián Ruiz Peña MF 4 0 0
50%
223 Fayçal Fajr MF, FW 24 0 2
50%
156 Felipe Caicedo MF, FW 27 2 1
50%
46 Florian Lejeune DF, MF 34 1 1
50%
113 Gonzalo Escalante MF 30 2 1
50%
501 Gorka Elustondo DF, MF 2 0 0
50%
29 Ignacio Camacho MF 35 4 2
50%
471 Igor Zubeldia DF, MF 4 0 0
50%
203 Iñigo Lekue DF, MF, FW 25 2 1
50%
528 Iván Villar GK 1 0 0
50%
298 Jaime Romero MF, FW 19 0 4
50%
529 Jasper Cillessen GK 1 0 0
50%
175 Joaquín Correa MF, FW 26 4 0
50%
94 Jonathan Viera MF, FW 31 7 6
50%
277 José Antonio Reyes MF 21 3 4
50%
159 José Luis Gayà DF, MF 27 1 2
50%
51 Juanfran DF, FW 34 0 6
50%
237 Juanfran DF, MF 23 0 2
50%
143 Kevin-Prince Boateng MF, FW 28 10 4
50%
504 Kévin Rodrigues DF, MF, FW 2 0 0
50%
430 Lacina Traoré FW 8 2 0
50%
177 Luisinho DF 26 0 2
50%
132 Martín Montoya DF, MF 29 2 1
50%
240 Mateo Musacchio DF 23 0 2
50%
508 Mathew Ryan GK 2 0 0
50%
509 Michael Krohn-Dehli MF, FW 2 0 0
50%
34 Mikel San José DF, MF 35 4 1
50%
355 Mikel Villanueva DF 15 0 0
50%
181 Nabil El Zhar MF, FW 26 4 4
50%
244 Nicolás Gaitán MF, FW 23 3 2
50%
162 Nicolás Pareja DF 27 1 1
50%
357 Óscar Duarte DF 15 0 0
50%
374 Óscar Romero MF, FW 13 0 1
50%
120 Pablo Piatti MF, FW 30 10 10
50%
283 Paco Alcácer FW 21 6 3
50%
11 Pedro León MF, FW 37 10 5
50%
78 Petros MF 32 1 2
50%
314 Rafinha MF, FW 18 6 2
50%
246 Raphaël Varane DF, MF 23 1 2
50%
388 Rene Krhin MF, FW 12 0 0
50%
165 Riza Durmisi DF 27 1 4
50%
80 Roberto Rosales DF, MF 32 1 2
50%
413 Roberto Soldado FW 10 4 3
50%
494 Rubén Duarte DF 3 0 0
50%
146 Rubén Peña DF, MF, FW 28 1 0
50%
248 Samir Nasri MF, FW 23 2 4
50%
62 Saúl Ñíguez DF, MF 33 4 3
50%
401 Sergio Araujo MF, FW 11 2 1
50%
64 Sergio León MF, FW 33 10 0
50%
135 Sidnei DF 29 1 0
50%
291 Simone Zaza MF, FW 20 6 1
50%
84 Tana MF, FW 32 4 4
50%
402 Tano Bonnín DF 11 0 1
50%
124 Theo Bongonda MF, FW 30 1 3
50%
185 Víctor Laguardia DF 26 2 1
50%
149 Víctor Ruiz DF, MF 28 1 1
50%
478 Walter Montoya MF, FW 4 0 0
50%
150 Willian José FW 28 12 4
50%
107 Wissam Ben Yedder MF, FW 31 11 5
50%
218 Yoel GK 25 0 0
50%
40 Yuri Berchiche DF, FW 35 3 2
50%
166 Zouhair Feddal DF, MF 27 2 1
50%
480 Adalberto Peñaranda MF, FW 3 0 0
33%
434 Alberto Lora DF, MF 7 0 0
33%
227 Alejandro Arribas DF 23 0 0
33%
285 Aleksandar Katai DF, MF, FW 20 3 3
33%
518 Alessio Cerci MF, FW 1 0 0
33%
139 Alexander MF, FW 28 8 2
33%
360 Alexandre Pato MF, FW 14 2 1
33%
126 Álex Berenguer DF, MF, FW 29 1 6
33%
335 Álvaro Medrán MF 16 2 0
33%
86 Ander Capa DF, MF, FW 31 0 3
33%
221 Ander Iturraspe MF 24 0 1
33%
320 Andreu Fontàs DF 17 1 1
33%
436 Andrew Hjulsager MF, FW 7 1 0
33%
41 Asier Illarramendi MF 34 1 2
33%
66 Beñat Etxebarria MF 32 1 5
33%
438 Borja Valle MF, FW 7 0 0
33%
254 Bruno Gama MF, FW 22 0 0
33%
67 Burgui MF, FW 32 2 4
33%
484 Carles Aleñá MF, FW 3 0 0
33%
190 Carlos Carmona MF, FW 25 8 2
33%
230 Carlos Soler DF, MF 23 3 1
33%
293 Carlos Vigaray DF 19 0 3
33%
323 Clément Lenglet DF 17 0 0
33%
448 Dani Ndi MF 6 0 0
33%
340 Duda DF, FW 16 1 2
33%
153 Édgar Méndez MF, FW 27 4 1
33%
527 Edu Expósito MF 1 0 0
33%
111 Eliaquim Mangala DF 30 2 0
33%
294 Eneko Bóveda DF 19 0 0
33%
500 Erik Expósito FW 2 0 0
33%
490 Fábio Coentrão DF 3 0 1
33%
361 Felipe Gutiérrez MF 14 1 0
33%
199 Fernando Navarro DF 25 0 0
33%
129 Gabriel Mercado DF 29 3 1
33%
234 Gaizka Toquero MF, FW 23 1 1
33%
114 Guilherme MF, FW 30 2 1
33%
470 Hiroshi Kiyotake MF, FW 4 1 2
33%
235 Hugo Mallo DF 23 2 1
33%
491 Jaume Doménech GK 3 0 0
33%
440 Javier Eraso MF, FW 7 0 1
33%
473 Javier Flaño DF 4 0 0
33%
93 Javi Fuego MF 31 1 0
33%
531 Jon Guridi MF 1 0 0
33%
224 Jony DF, MF, FW 24 2 1
33%
441 José Ángel DF, MF 7 0 1
33%
288 Joselu FW 20 5 1
33%
261 Juanpi MF, FW 22 2 0
33%
238 Kepa Arrizabalaga GK 23 0 0
33%
98 Kiko Femenía DF, FW 31 0 2
33%
330 Lucas Digne DF, MF 17 0 0
33%
279 Luciano Vietto MF, FW 21 6 3
33%
463 Luis Muñoz DF, MF 5 0 0
33%
385 Marc Navarro DF, FW 12 2 1
33%
179 Markel Susaeta MF, FW 26 1 2
33%
212 Marko Livaja MF, FW 25 5 3
33%
386 Martín Demichelis DF, MF 12 0 0
33%
100 Martín Mantovani DF 31 1 0
33%
213 Michel DF 25 0 4
33%
387 Miguel Flaño DF 12 1 0
33%
243 Momo MF, FW 23 3 0
33%
282 Nacho Cases MF 21 2 1
33%
102 Nemanja Radoja DF, MF 31 1 0
33%
475 Nereo Champagne GK 4 0 0
33%
75 Nicola Sansone MF, FW 32 8 3
33%
265 Oriol Riera FW 22 4 1
33%
54 Pablo Sarabia MF, FW 34 8 8
33%
331 Rafael Borré MF, FW 17 2 1
33%
313 Rafa Navarro DF 18 2 2
33%
444 Raoul Loé MF 7 0 0
33%
316 Recio MF 18 3 3
33%
289 Roberto Canella DF 20 2 1
33%
456 Roman Zozulya FW 6 0 0
33%
399 Ryan Babel MF, FW 11 4 1
33%
378 Sabin Merino MF, FW 13 1 2
33%
134 Santi Mina MF, FW 29 6 2
33%
184 Sergio Escudero DF, MF 26 0 3
33%
332 Sverrir Ingi Ingason DF 17 1 0
33%
389 Tiago Mendes MF 12 1 0
33%
106 Víctor Camarasa MF 31 3 1
33%
541 Weligton Oliveira DF 1 0 0
33%
416 Xabier Etxeita DF 10 0 0
33%
379 Youssef En-Nesyri FW 13 1 1
33%
517 Alberto Brignoli GK 1 0 0
17%
219 Alberto Bueno MF, FW 24 2 3
17%
424 Álex Bergantiños MF 8 1 0
17%
292 Álex Gálvez DF, MF 19 0 0
17%
220 Alexis DF 24 2 1
17%
435 Alfred N'Diaye DF, MF 7 0 1
17%
319 Álvaro Cejudo MF 17 1 1
17%
252 Anaitz Arbilla DF 22 0 2
17%
481 Antonio Otegui MF 3 0 0
17%
229 Carles Gil MF, FW 23 1 4
17%
381 Carles Planas DF 12 0 0
17%
447 Cristian Espinoza MF, FW 6 0 0
17%
231 Cristiano Piccini DF 23 2 3
17%
449 Daniel Carriço DF, MF 6 0 0
17%
427 David Barral FW 8 0 1
17%
523 David Costas DF 1 0 1
17%
419 David Juncà DF 9 0 2
17%
489 Elderson Echiéjilé DF 3 1 0
17%
351 Emmanuel Rivière FW 15 0 1
17%
420 Enric Saborit DF 9 0 0
17%
295 Esteban Granero MF 19 0 1
17%
198 Ezequiel Ponce MF, FW 25 2 0
17%
469 Federico Cartabia MF, FW 4 0 0
17%
275 Federico Ricca DF, MF 21 0 1
17%
406 Gaël Kakuta MF, FW 10 2 1
17%
407 Ganso MF, FW 10 2 1
17%
408 Guilherme Siqueira DF, MF 10 0 1
17%
353 Hélder Lopes DF, MF 15 0 1
17%
204 Isaac Cuenca MF, FW 25 2 0
17%
310 Javier Ontiveros MF, FW 18 2 3
17%
140 Joaquín MF, FW 28 3 3
17%
384 Jon Bautista MF, FW 12 3 0
17%
362 Joseba Zaldúa DF 14 0 1
17%
452 José Carlos DF 6 0 0
17%
96 José Manuel Jurado MF, FW 31 3 4
17%
300 Jozabed MF 19 2 2
17%
141 Juankar DF, FW 28 2 4
17%
32 Juanmi MF, FW 35 11 0
17%
225 Kiké MF, FW 24 7 1
17%
442 Laure DF 7 0 0
17%
278 Léo Baptistão MF, FW 21 6 5
17%
207 Lillo DF 25 0 0
17%
208 Luciano MF, FW 25 4 2
17%
505 Luís Martins DF 2 0 0
17%
21 Mario Gaspar DF, MF 36 0 3
17%
454 Markel Bergara MF 6 0 0
17%
507 Marlon DF 2 0 0
17%
281 Matías Kranevitter MF 21 0 0
17%
263 Mehdi Carcela MF, FW 22 5 1
17%
144 Miguel de las Cuevas MF 28 0 1
17%
59 Mikel Balenziaga DF 33 1 1
17%
510 Nacho Gil MF, FW 2 0 0
17%
22 Oier Sanjurjo DF, MF 36 0 2
17%
133 Pablo Insua DF 29 1 0
17%
77 Pedro Bigas DF, MF 32 4 1
17%
245 Pedro Mosquera MF 23 3 0
17%
377 Raúl Lizoain GK 13 0 0
17%
465 Robert Ibáñez MF, FW 5 2 1
17%
414 Rodrigo Ely DF 10 1 0
17%
305 Rubén Pardo MF, FW 19 1 0
17%
398 Rubén Sobrino MF, FW 11 2 1
17%
345 Ryan Donk DF, MF 16 0 1
17%
457 Salva Sevilla MF 6 0 0
17%
61 Samu Castillejo MF, FW 33 2 2
17%
266 Sergi Samper MF 22 0 1
17%
539 Shkodran Mustafi DF 1 0 0
17%
466 Timothée Kolodziejczak DF 5 0 0
17%
249 Tito DF 23 0 3
17%
433 Toni Lato DF, MF 8 0 1
17%
104 Uche Henry Agbo MF 31 0 0
17%
267 Unai Bustinza DF 22 0 1
17%
403 Wakaso MF 11 1 1
17%
496 Adrián Ortolá GK 2 0 0
0%
348 Aitor Buñuel DF 15 0 0
0%
516 Aitor Cantalapiedra FW 1 0 0
0%
497 Aleksandar Pantić DF 2 0 1
0%
188 Álex Alegría MF, FW 25 3 2
0%
349 Álvaro Odriozola DF 15 0 4
0%
520 Álvaro Tejero DF 1 0 0
0%
390 Aly Mallé FW 11 0 0
0%
321 Ángel Montoro MF 17 0 0
0%
482 Asdrúbal Padrón MF, FW 3 0 0
0%
446 Asier Villalibre FW 6 0 1
0%
391 Aythami Artiles DF 11 0 0
0%
437 Bakary Koné DF 7 0 0
0%
425 Carl Medjani DF, MF 8 0 0
0%
192 Carlos Clerc DF, MF 25 1 0
0%
426 Charly Musonda Jr. MF 8 0 1
0%
324 Cristian Rivera MF 17 0 0
0%
428 David Concha MF, FW 8 0 0
0%
273 David Lombán DF 21 2 0
0%
222 David Timor DF, MF 24 2 1
0%
525 Davy Roef GK 1 0 0
0%
486 Denys Boyko GK 3 0 0
0%
487 Didier Digard MF 3 0 0
0%
526 Diego Barrios GK 1 0 0
0%
382 Erik Morán MF 12 0 1
0%
296 Fausto Tienza MF 19 0 0
0%
451 Franck Tabanou DF, FW 6 0 0
0%
352 Fran Mérida MF 15 1 0
0%
173 Goran Čaušić MF 26 1 2
0%
472 Iván Márquez DF 4 0 1
0%
502 Javi Álamo MF, FW 2 0 0
0%
439 Javi Márquez MF 7 0 0
0%
530 Jean Carlos Silva Rocha MF, FW 1 0 0
0%
174 Jeremie Boga MF, FW 26 2 1
0%
342 Jesé MF, FW 16 3 1
0%
460 Jhon Steven DF, MF 5 2 0
0%
503 Jon Gaztañaga DF, MF 2 0 0
0%
461 Jon Toral MF, FW 5 0 0
0%
95 Jorge Meré DF 31 0 0
0%
372 Josep Señé MF 13 0 2
0%
462 Jota MF, FW 5 0 0
0%
492 Juanan Entrena MF 3 0 0
0%
329 Juan Rafael Fuentes DF 17 0 1
0%
262 Keko MF, FW 22 0 3
0%
532 Kike Barja MF, FW 1 0 0
0%
533 Lluís Sastre MF 1 0 0
0%
535 Luis Perea MF, FW 1 0 0
0%
464 Mamadou Koné FW 5 0 0
0%
211 Marc Roca MF 25 0 1
0%
536 Markel Areitio GK 1 0 0
0%
410 Martin Hongla DF, MF 10 0 0
0%
411 Matías Nahuel MF, FW 10 0 0
0%
343 Matthieu Saunier DF 16 0 1
0%
537 Michaël Ciani DF 1 0 0
0%
364 Miguel Olavide MF 14 1 0
0%
214 Nani MF, FW 25 5 8
0%
455 Nano FW 6 1 0
0%
365 Nenad Krstičić MF 14 2 0
0%
412 Nikola Vujadinović DF 10 0 0
0%
395 Ola John MF, FW 11 0 1
0%
423 Omer Atzili MF, FW 9 0 0
0%
396 Óscar Melendo MF, FW 11 0 0
0%
538 Óscar Pinchi MF, FW 1 0 0
0%
512 Panagiotis Kone MF 2 0 0
0%
513 Pervis Estupiñán DF 2 0 0
0%
432 Rachid Aït-Atmane MF 8 0 0
0%
514 Rafa Mir MF, FW 2 0 0
0%
540 Sito MF 1 0 0
0%
495 Tyronne MF, FW 3 0 0
0%
415 Victorien Angban MF 10 0 0
0%
479 Zdravko Kuzmanović MF 4 0 0
0%
No matching quizzes found
Score Distribution
Percent of People with Each Score
Percentile by Number Answered
Your Score History
You have not taken this quiz